000 00599nam a2200193Ia 4500
003 GCL
008 140319s9999 xx 000 0 ara d
040 _aGCL /
_cGCL
082 0 4 _a810.9
_bش ب
100 1 _aشوقى ضيف
245 1 0 _aالبحث الادبى: طبيعته, مناهجه, اصولة, مصادرة /
_cشوقى ضيف
260 _a[S.N] :
_bدار المعارف ،
_c1992
300 _a280 ص
490 _aمكتبة الدراسات الادبية
_v0
650 0 4 _aالادب العربى
650 0 4 _aالبحوث
650 0 4 _aتاريخ ونقد
942 _2ddc
_cBK
999 _c28563
_d28563